Normal view
MARC view
- TANKS
Entry Topical Term
001 - CONTROL NUMBER
- control field: 96803
003 - CONTROL NUMBER IDENTIFIER
- control field: NUST
005 - DATE AND TIME OF LATEST TRANSACTION
- control field: 20220811094534.0
008 - FIXED-LENGTH DATA ELEMENTS
- fixed length control field: 220811|| aca||aabn | a|a d
040 ## - CATALOGING SOURCE
- Original cataloging agency: NUST
- Transcribing agency: NUST
150 ## - HEADING--TOPICAL TERM
- Topical term or geographic name entry element: TANKS
670 ## - SOURCE DATA FOUND
- Source citation: Work cat.: (NUST): HASKEW, MICHAEL E. 96802, TANKS, 2019.
